Pays du monde - A à Z - Plusieurs possibilités - Statistiques

Statistiques générales
  • Ce quiz a été pris 1 743 fois
    805 depuis la dernière actualisation
  • Le résultat moyen est 19 sur 22
Statistiques - réponses
Question Pays % Correct
Commençant par un F et contenant un E France | Finlande
100%
Contenant un A en 1ère lettre et un E en dernière lettre Albanie | Allemagne | Algérie | Andorre | Arabie Saoudite | Argentine | Arménie | Australie | Autriche
95%
Contenant la syllabe "OU" Cameroun | Arabie Saoudite | Bhoutan | Djibouti | Luxembourg | Nouvelle-Zélande | Ouganda | Ouzbékistan | Pérou |Papouasie-Nouvelle-Guinée | Roumanie | Singapour | Soudan | Soudan-du-Sud
95%
Contenant un H Afghanistan | Bahreïn | Bangladesh | Bhoutan | Bosnie-Herzégovine | Chili | Chine | Chypre | Erythrée | Ethiopie | Haïti | Honduras | Hongrie | Kazakhstan | Kirghizistan | Lesotho | Marshall | Philippines | Tchad | Thaïlande
94%
Contenant un G et un E Algérie | Allemagne | Argentine | Bangladesh | Bosnie-Herzégovine | Bulgarie | Belgique | Cambodge | Egypte | Espagne | Gambie | Géorgie | Grèce | Grenade | Guinée | Guinée Bissau | Guinée équatoriale | Kirghizistan | Luxembourg | Mongolie | Monténégro | Niger | Nigeria | Norvège | Pologne | Sénégal | Guatemala
94%
Contenant la syllabe "BU" Antigua-et-Barbuda | Bulgarie | Burkina Faso | Burundi
94%
Contenant la syllabe "AU" Australie | Autriche | Guinée Bissau | Mauritanie | Nauru | Royaume-Uni
94%
Contenant un J et un A Azerbaïdjan | Jamaïque | Japon | Tadjikistan | Jordanie
94%
Contenant un K Kenya | Burkina Faso | Danemark | Irak | Kazakhstan | Kirghizistan | Kiribati | Koweit | Pakistan | Sri Lanka | Tadjikistan |Ukraine | Kosovo
94%
Contenant 3 fois la même voyelle Panama | Antigua-et-Barbuda | Arabie Saoudite | Bahamas | Bosnie-Herzégovine | Canada | Emirats Arabes Unis | Kiribati | Afghanistan | Azerbaïdjan | Guinée équatoriale | Kazakhstan | Kirghizistan | Liechtenstein | Madagascar | Nicaragua | Nouvelle-Zélande | Papouasie-Nouvelle-Guinée | Paraguay | Philippines | Saint Christophe et Niévès | Saint-Vincent et les Grenadines | Seychelles | Venezuela | Erythrée | Uruguay
90%
Terminé par NIE Albanie | Arménie | Birmanie | Estonie | Jordanie | Lettonie | Lituanie | Mauritanie | Roumanie | Slovénie | Tanzanie
88%
Commençant par une voyelle et contenant plus de voyelles que de consonnes Albanie | Arabie Saoudite | Australie | Equateur | Estonie | Ethiopie | Italie | Ouganda | Uruguay
87%
Contenant un Z mais pas en initiale Mozambique | Nouvelle-Zélande | Ouzbékistan | Tanzanie | Venezuela | Azerbaïdjan | Belize | Bosnie-Herzégovine | Kirghizistan | Kazakhstan
85%
Contenant un A, un E, un I et un U Afrique-du-Sud | Arabie-Saoudite | Australie | Autriche | Centrafrique | République dominicaine | Guinée-Bissau | Guinée équatoriale | Lituanie | Macédoine du Nord | Mauritanie | Papouasie-Nouvelle-Guinée | Royaume-Uni | Sainte-Lucie | Suriname | Turkménistan | Mozambique
84%
Contenant un W Malawi | Rwanda | Zimbabwe | Botswana | Eswatini | Koweit | Taiwan
83%
Contenant le mot "et" en français Trinité-et-Tobago | Antigua-et-Barbuda | Saint-Christophe-et-Niévès | Saint-Vincent-et-les-Grenadines | Sao Tome et Principe
81%
Terminé par un A mais de genre masculin Angola | Botswana | Burkina Faso | Canada | Costa Rica | Guyana | Ghana | Guatemala | Liberia | Nicaragua | Nigeria | Ouganda | Panama | Sri Lanka | Kenya
80%
Contenant un Y mais pas en initiale Libye | Paraguay | Pays-Bas | Seychelles | Syrie | Uruguay | Egypte | Kenya | Guyana | Royaume-Uni | Chypre
79%
En 4 lettres et commençant par une voyelle Inde | Iran | Irak | Oman
75%
Dont le nom fait référence à un point cardinal Soudan-du-Sud | Corée-du-Sud | Corée-du-Nord | Macédoine-du-Nord | Timor oriental | Afrique-du-Sud
75%
Porté par plusieurs pays (en partie) Corée | Guinée | Congo | Soudan | Saint | Sud | Nord
63%
Contenant un X Mexique | Luxembourg
63%
Aucun quiz correspondant
Distribution des résultats
% des personnes avec chaque résultat
Percentile par nombre de réponses
Votre historique - résultats
Vous n’avez pas pris ce quiz depuis la dernière actualisation